[Event "Sunny Beach BUL, Open 2005"]
[Site "?"]
[Date "2005.09.22"]
[Round "7.15"]
[White "Kacakovski Dimitar"]
[Black "Karakehajov Kalin"]
[Result "1/2-1/2"]
[WhiteElo "2213"]
[BlackElo "2385"]
[PlyCount "108"]
[EventDate "2005.??.??"]
[Source "www.chesslib.no"]
[SourceDate "2004.05.04"]

1. e4 e5 2. Nf3 Nc6 3. Bc4 Bc5 4. b4 Bxb4 5. c3 Ba5 6. d4 d6 7. Qb3 Qd7 8. dxe5 Bb6 9. Nbd2 Na5 10. Qc2 Nxc4 11. Nxc4 dxe5 12. Nfxe5 Qe6 13. Qa4+ Bd7 14. Nxd7 Qxd7 15. Nxb6 cxb6 16. Qxd7+ Kxd7 17. O-O Nf6 18. f3 Rhc8 19. Rd1+ Ke8 20. Rd3 Nd7 21. Be3 Ne5 22. Rd5 Nc4 23. Bd4 f6 24. f4 Rd8 25. Rh5 h6 26. e5 fxe5 27. fxe5 Ke7 28. e6 Rg8 29. Re1 Rad8 30. Rf5 Nd6 31. Rd5 Nc4 32. Rf5 Nd6 33. Rd5 Ne8 34. Rxd8 Kxd8 35. c4 Nc7 36. c5 bxc5 37. Bxc5 b6 38. Bd6 Re8 39. e7+ Kd7 40. Ba3 Ne6 41. Rd1+ Kc7 42. Rc1+ Kd7 43. Rd1+ Kc7 44. Rc1+ Nc5 45. Bxc5 bxc5 46. Rxc5+ Kd6 47. Ra5 Rxe7 48. Ra6+ Kc5 49. a4 Rf7 50. h4 Kd4 51. Kh2 Ke4 52. Kg3 Kf5 53. Ra5+ Kf6 54. Ra6+ Kf5 1/2-1/2

[Event "Sao Bernardo tt"]
[Site "Sao Bernardo"]
[Date "1998.??.??"]
[Round "5"]
[White "Caldeira, Adriano"]
[Black "Matsuura, Everaldo"]
[Result "0-1"]
[WhiteElo "2190"]
[BlackElo "2405"]
[PlyCount "90"]
[EventDate "1998.??.??"]
[Source "www.chesslib.no"]
[SourceDate "2004.05.04"]

1. e4 e5 2. Nf3 Nc6 3. Bc4 Bc5 4. b4 Bxb4 5. c3 Ba5 6. d4 d6 7. Qb3 Qd7 8. dxe5 dxe5 9. O-O Bb6 10. Rd1 Qe7 11. Bd5 Na5 12. Qc2 c6 13. Ba3 Qf6 14. Qa4 Bd7 15. Qb4 Nh6 16. Bc1 Qe7 17. Bxh6 gxh6 18. Qxe7+ Kxe7 19. Bxf7 Bg4 20. Bb3 Nxb3 21. axb3 Bxf3 22. gxf3 Rhf8 23. Nd2 Rad8 24. Kf1 Rd3 25. Rac1 Rfd8 26. Ke2 Ke6 27. Nc4 Rxd1 28. Rxd1 Rxd1 29. Kxd1 Bd8 30. Ke2 b5 31. Nb2 a5 32. f4 exf4 33. Nd3 Bf6 34. Nxf4+ Kd6 35. Kd3 Be5 36. Ne2 Bxh2 37. f4 a4 38. bxa4 bxa4 39. e5+ Kd7 40. Ke4 a3 41. Nd4 a2 42. Nb3 h5 43. f5 h4 44. e6+ Ke7 45. Kf3 Be5 0-1

[Event "Carl Schlechter mem"]
[Site "Vienna"]
[Date "1996.??.??"]
[Round "2"]
[White "Penz, Harald"]
[Black "Zoebisch, Herbert"]
[Result "1-0"]
[WhiteElo "2340"]
[BlackElo "2245"]
[PlyCount "103"]
[EventDate "1996.10.10"]
[Source "ChessBase"]

1. e4 e5 2. Nf3 Nc6 3. Bc4 Bc5 4. b4 Bxb4 5. c3 Ba5 6. d4 d6 7. Qb3 Qd7 8. dxe5 Bb6 9. Bb5 a6 10. Ba4 Bc5 11. c4 dxe5 12. O-O Nge7 13. Nc3 O-O 14. Nd5 Qd6 15. Rd1 Bg4 16. Bg5 Nxd5 17. Rxd5 Qg6 18. Rxc5 Bxf3 19. Qxf3 Qxg5 20. Bxc6 bxc6 21. Qc3 f6 22. Rxc6 Rfd8 23. Rxc7 Rd4 24. Qh3 h6 25. Qe6+ Kh7 26. g3 Rad8 27. Rb1 Rd1+ 28. Rxd1 Rxd1+ 29. Kg2 Qg6 30. Qf5 Qxf5 31. exf5 Ra1 32. Kf3 Rxa2 33. c5 a5 34. Ra7 a4 35. Ke4 Rxf2 36. Rxa4 Rc2 37. Kd5 Rd2+ 38. Ke6 Rd4 39. Ra2 Rc4 40. Kd6 Rd4+ 41. Kc7 g6 42. Rc2 e4 43. c6 e3 44. Kb6 Rd2 45. Rc1 Rb2+ 46. Kc5 e2 47. c7 e1=Q 48. Rxe1 Rc2+ 49. Kd6 Rd2+ 50. Ke7 Rc2 51. Kd7 Rd2+ 52. Ke8 1-0

[Event "Warsaw Open"]
[Site "Warsaw POL"]
[Date "1989.??.??"]
[Round "?"]
[White "Kruza, Pawel"]
[Black "Kostyra, Stanislaw"]
[Result "1-0"]
[WhiteElo "2250"]
[BlackElo "2335"]
[PlyCount "73"]
[EventDate "1989.04.??"]
[Source "www.chesslib.no"]
[SourceDate "2004.05.04"]

1. e4 e5 2. Nf3 Nc6 3. Bc4 Bc5 4. b4 Bxb4 5. c3 Ba5 6. d4 d6 7. O-O Nf6 8. dxe5 Nxe5 9. Nxe5 dxe5 10. Qb3 O-O 11. Ba3 Nxe4 12. Bxf8 Qxf8 13. Qb5 Bb6 14. Qxe5 Nd6 15. Bd3 Be6 16. Nd2 Re8 17. Qf4 g6 18. Nb3 Qg7 19. Nd4 Bd5 20. Rae1 Rxe1 21. Rxe1 Bxa2 22. Re2 Bd5 23. h4 h6 24. Re7 a5 25. Rd7 h5 26. Rd8+ Kh7 27. Qg5 Be4 28. Bxe4 Nxe4 29. Qe3 c5 30. Rd7 Nf6 31. Ne6 Ng4 32. Qf4 Ne5 33. Re7 Nd3 34. Ng5+ Kh6 35. Nxf7+ Kh7 36. Ng5+ Kh6 37. Rxg7 1-0

[Event "SWE-ch"]
[Site "Karlskrona"]
[Date "1983.??.??"]
[Round "?"]
[White "Ernst, Thomas"]
[Black "Olsson, Tomas"]
[Result "1/2-1/2"]
[WhiteElo "2380"]
[BlackElo "2200"]
[PlyCount "98"]
[EventDate "1983.07.??"]
[Source "ChessBase"]

1. e4 e5 2. Nf3 Nc6 3. Bc4 Bc5 4. b4 Bxb4 5. c3 Ba5 6. d4 d6 7. Qb3 Qd7 8. dxe5 Bb6 9. Nbd2 Na5 10. Qc2 Nxc4 11. Nxc4 Bc5 12. O-O Qe6 13. Qb3 Ne7 14. Nd4 Qg6 15. exd6 cxd6 16. e5 O-O 17. Nxd6 Be6 18. Nxe6 fxe6 19. Be3 Bxe3 20. fxe3 Nc6 21. Qxb7 Nxe5 22. Qe4 Rxf1+ 23. Rxf1 Qxe4 24. Nxe4 Rb8 25. Nc5 Nc4 26. e4 e5 27. h4 Rc8 28. Nb3 Nd6 29. Rc1 Nxe4 30. c4 Kf7 31. Kf1 Nc5 32. Ke2 Ke6 33. Ke3 Rc7 34. Nxc5+ Rxc5 35. Rc3 Kd6 36. Ke4 Ke6 37. Kd3 Rc7 38. Ra3 Rd7+ 39. Ke3 Rc7 40. Ra4 Kf5 41. c5 Rxc5 42. g4+ Ke6 43. Ra6+ Kd5 44. Rxa7 Rc3+ 45. Kd2 Rh3 46. h5 g6 47. Rxh7 gxh5 48. gxh5 Ra3 49. h6 Rxa2+ 1/2-1/2

[Event "Corr"]
[Site "?"]
[Date "1997.??.??"]
[Round "?"]
[White "Bohak Janko"]
[Black "Potrata Janko"]
[Result "1-0"]
[WhiteElo "2350"]
[BlackElo "2230"]
[PlyCount "43"]
[EventDate "1997.??.??"]
[Source "www.chesslib.no"]
[SourceDate "2004.05.04"]

1. e4 e5 2. Nf3 Nc6 3. Bc4 Bc5 4. b4 Bxb4 5. c3 Ba5 6. d4 d6 7. O-O Bb6 8. dxe5 dxe5 9. Qxd8+ Nxd8 10. Nxe5 Be6 11. Nd2 Nf6 12. Ba3 Bxc4 13. Nexc4 Ne6 14. e5 Nd5 15. Ne4 Nef4 16. Rfe1 Nd3 17. Red1 N5f4 18. Rd2 O-O-O 19. Rad1 f5 20. exf6 gxf6 21. Nxb6+ axb6 22. Nxf6 1-0

[Event "Ann Arbor, MI"]
[Site "?"]
[Date "1997.??.??"]
[Round "3"]
[White "Kamberi Sonny"]
[Black "Toma Alin"]
[Result "1/2-1/2"]
[WhiteElo "2305"]
[BlackElo "2260"]
[PlyCount "47"]
[EventDate "1997.??.??"]
[Source "www.chesslib.no"]
[SourceDate "2004.05.04"]

1. e4 e5 2. Nf3 Nc6 3. Bc4 Bc5 4. b4 Bxb4 5. c3 Ba5 6. d4 d6 7. Qb3 Qd7 8. dxe5 Bb6 9. Nbd2 Na5 10. Qc2 Nxc4 11. Nxc4 Bc5 12. exd6 cxd6 13. O-O Qe6 14. Qd3 Ne7 15. Rd1 O-O 16. Bf4 Ng6 17. Bxd6 Bxd6 18. Nxd6 Qg4 19. h3 Qf4 20. Nxc8 Raxc8 21. Rab1 b6 22. Rbc1 Rc6 23. Qd5 Re6 24. Re1 1/2-1/2

[Event "Guingamp"]
[Site "?"]
[Date "2003.03.07"]
[Round "8"]
[White "Bollore Jacques"]
[Black "Dobrev Nanko"]
[Result "0-1"]
[WhiteElo "2184"]
[BlackElo "2374"]
[PlyCount "66"]
[EventDate "2003.??.??"]
[Source "www.chesslib.no"]
[SourceDate "2004.05.04"]

1. e4 e5 2. Nf3 Nc6 3. Bc4 Bc5 4. b4 Bxb4 5. c3 Ba5 6. d4 d6 7. Qb3 Qd7 8. dxe5 Bb6 9. Nbd2 Na5 10. Qc2 Nxc4 11. Nxc4 d5 12. exd5 Qxd5 13. Ne3 Qc6 14. O-O Ne7 15. Rb1 Bxe3 16. fxe3 Bf5 17. Qb3 Bxb1 18. Qxb1 O-O-O 19. Ng5 Qg6 20. Qxg6 Nxg6 21. Nxf7 Rhe8 22. Nxd8 Kxd8 23. e4 Ke7 24. g3 Ke6 25. Kg2 Rd8 26. Bf4 Rd3 27. Rf3 Rd1 28. Rf1 Rxf1 29. Kxf1 Nxf4 30. gxf4 g5 31. f5+ Kxe5 32. h4 gxh4 33. Kg2 Kf6 0-1

[Event "Krakow op-A"]
[Site "?"]
[Date "1998.??.??"]
[Round "?"]
[White "Skrobek Ryszard"]
[Black "Markiewicz Jacek"]
[Result "1/2-1/2"]
[WhiteElo "2405"]
[BlackElo "2140"]
[PlyCount "62"]
[EventDate "1998.??.??"]
[Source "www.chesslib.no"]
[SourceDate "2004.05.04"]

1. e4 e5 2. Nf3 Nc6 3. Bc4 Bc5 4. b4 Bxb4 5. c3 Ba5 6. d4 d6 7. Qb3 Qd7 8. dxe5 Bb6 9. Nbd2 Na5 10. Qc2 Nxc4 11. Nxc4 d5 12. exd5 Qxd5 13. Qa4+ Qc6 14. Qxc6+ bxc6 15. a4 Be6 16. Nfd2 Ne7 17. a5 Bc5 18. Ba3 Bxa3 19. Rxa3 Rb8 20. O-O O-O 21. Ne3 Nd5 22. Ndc4 Nxe3 23. Nxe3 Rfd8 24. Raa1 Kf8 25. Rfb1 Ke7 26. Kf1 c5 27. Ke2 c4 28. Rxb8 Rxb8 29. Ra2 f6 30. exf6+ Kxf6 31. f4 h5 1/2-1/2

[Event "Oberliga Ost-B 0203"]
[Site "?"]
[Date "2003.01.26"]
[Round "5.2"]
[White "Kandic Milan"]
[Black "Schlesinger Omri"]
[Result "1-0"]
[WhiteElo "2276"]
[BlackElo "2268"]
[PlyCount "109"]
[EventDate "2003.??.??"]
[Source "www.chesslib.no"]
[SourceDate "2004.05.04"]

1. e4 e5 2. Nf3 Nc6 3. Bc4 Bc5 4. b4 Bxb4 5. c3 Ba5 6. d4 d6 7. Qb3 Qd7 8. O-O Bb6 9. Bb5 a6 10. Ba4 Ba7 11. d5 b5 12. dxc6 Qxc6 13. Bxb5 axb5 14. Na3 Rb8 15. Ng5 Nh6 16. Be3 Bxe3 17. fxe3 O-O 18. Rf2 Bg4 19. h3 Bc8 20. Raf1 Qd7 21. Nc2 Qe7 22. h4 c5 23. a4 Ba6 24. Rd1 bxa4 25. Qxa4 Rb6 26. Qa2 Ng4 27. Rfd2 h6 28. Qa5 Rfb8 29. Nf3 Bc4 30. Qa1 Bb3 31. Rb1 Nf6 32. Nce1 Nxe4 33. Re2 Qb7 34. Nd2 Ng3 35. Rf2 c4 36. Nef3 Ne4 37. Nxe4 Qxe4 38. Re1 Bc2 39. Qa2 Bd3 40. Qa4 Rb1 41. Rxb1 Rxb1+ 42. Kh2 Rb8 43. Qd7 Qg6 44. Qc7 Rf8 45. Rb2 Qf6 46. Rb6 Rd8 47. Kg1 e4 48. Ne5 Ra8 49. Rb8+ Rxb8 50. Qxb8+ Kh7 51. Nd7 Qf1+ 52. Kh2 h5 53. Nf8+ Kg8 54. Ng6+ Kh7 55. Ne7 1-0

[Event "Santos Paulista-ch"]
[Site "Santos"]
[Date "1997.??.??"]
[Round "2"]
[White "Santos, MVM."]
[Black "Matsuura, Everaldo"]
[Result "0-1"]
[WhiteElo "2145"]
[BlackElo "2385"]
[PlyCount "52"]
[EventDate "1997.??.??"]
[Source "www.chesslib.no"]
[SourceDate "2004.05.04"]

1. e4 e5 2. Nf3 Nc6 3. Bc4 Bc5 4. b4 Bxb4 5. c3 Ba5 6. d4 d6 7. Qb3 Qd7 8. dxe5 dxe5 9. O-O Bb6 10. Rd1 Qe7 11. a4 Bc5 12. a5 a6 13. Rd5 Bd6 14. Ng5 Nd8 15. Rd3 h6 16. Nf3 Nf6 17. Be3 Nxe4 18. Na3 O-O 19. Nc2 Ne6 20. Bxe6 Qxe6 21. Qa4 Nf6 22. Rad1 e4 23. Nfd4 Qe5 24. f4 Qh5 25. R3d2 Ng4 26. g3 Nxh2 0-1

[Event "Corr"]
[Site "?"]
[Date "2002.03.04"]
[Round "?"]
[White "Miklós Száva"]
[Black "Marcotulli Giancarlo"]
[Result "1-0"]
[WhiteElo "2215"]
[BlackElo "2302"]
[PlyCount "73"]
[EventDate "2002.??.??"]
[Source "www.chesslib.no"]
[SourceDate "2004.05.04"]

1. e4 e5 2. Nf3 Nc6 3. Bc4 Bc5 4. b4 Bxb4 5. c3 Ba5 6. d4 d6 7. Qb3 Qd7 8. dxe5 dxe5 9. O-O Bb6 10. Rd1 Qe7 11. Rd5 Be6 12. Nbd2 Nh6 13. Ba3 Qf6 14. Rf1 Ng4 15. h3 Nxf2 16. Rxf2 Bxd5 17. exd5 O-O-O 18. Ne4 Na5 19. Nxf6 Nxb3 20. axb3 gxf6 21. Be7 Rhg8 22. Bxf6 Bxf2+ 23. Kxf2 e4 24. Nd4 Rd6 25. Be5 Rd7 26. b4 a6 27. Nf5 b5 28. Bb3 h5 29. Bf4 Kd8 30. g3 Kc8 31. Ke3 Kb7 32. d6 cxd6 33. Bxf7 Rxf7 34. Nxd6+ Kc6 35. Nxf7 Kd5 36. Nd6 Rf8 37. g4 1-0

[Event "8 ECC 2003 Women"]
[Site "?"]
[Date "2003.10.03"]
[Round "6.44"]
[White "Kineva Ekaterina"]
[Black "Ovod Evgenija"]
[Result "0-1"]
[WhiteElo "2210"]
[BlackElo "2307"]
[PlyCount "86"]
[EventDate "2003.??.??"]
[Source "www.chesslib.no"]
[SourceDate "2004.05.04"]

1. e4 e5 2. Nf3 Nc6 3. Bc4 Bc5 4. b4 Bxb4 5. c3 Ba5 6. d4 d6 7. Qb3 Qd7 8. dxe5 Bb6 9. O-O Na5 10. Qb4 Nxc4 11. Qxc4 dxe5 12. a4 Qe6 13. Qb5+ Bd7 14. Qxe5 Nf6 15. a5 Qxe5 16. Nxe5 Bc5 17. Nxd7 Kxd7 18. Nd2 Rhe8 19. Re1 Kc6 20. Ba3 Bxa3 21. Rxa3 Rad8 22. Nf3 Rxe4 23. Rb1 Rd3 24. Rab3 b6 25. Nd4+ Kd7 26. f3 Re5 27. axb6 axb6 28. Rb5 Rxb5 29. Nxb5 Nd5 30. c4 Ne3 31. Kf2 Nxc4 32. Rc1 c6 33. Rxc4 cxb5 34. Rc2 b4 35. Ke2 Rc3 36. Rb2 b3 37. Kd2 Rc2+ 38. Rxc2 bxc2 39. Kxc2 Kd6 40. Kc3 Kc5 41. f4 f5 42. g3 g6 43. h3 Kd5 0-1

[Event "Oberliga Nord O 9798"]
[Site "?"]
[Date "1998.??.??"]
[Round "?"]
[White "Mueller Sebastian"]
[Black "Lindemann Christian"]
[Result "0-1"]
[WhiteElo "2320"]
[BlackElo "2195"]
[PlyCount "78"]
[EventDate "1998.??.??"]
[Source "www.chesslib.no"]
[SourceDate "2004.05.04"]

1. e4 e5 2. Nf3 Nc6 3. Bc4 Bc5 4. b4 Bxb4 5. c3 Ba5 6. d4 d6 7. Qb3 Qd7 8. O-O Bb6 9. Bb5 a6 10. Ba4 Ba7 11. Bxc6 Qxc6 12. dxe5 Be6 13. Qc2 dxe5 14. Nxe5 Qb5 15. Bf4 Nf6 16. Nd2 Nh5 17. c4 Qc5 18. Nb3 Qe7 19. Bd2 O-O 20. Nd3 Rfd8 21. Rae1 Qd6 22. Nb2 b5 23. Be3 bxc4 24. Nxc4 Qd3 25. Qxd3 Rxd3 26. Ne5 Rd6 27. Bxa7 Rxa7 28. Rc1 Nf4 29. Kh1 f6 30. Nf3 Nd3 31. Rc3 Nb4 32. a3 Rd3 33. Rxd3 Nxd3 34. Nbd4 Bd7 35. Kg1 c5 36. Nc2 Bc6 37. Nd2 Rb7 38. Ne3 Rb2 39. Nec4 Rc2 0-1

[Event "SVK-ch"]
[Site "Nove Zamky"]
[Date "1999.07.09"]
[Round "7"]
[White "Doghri, Nabil"]
[Black "Pokorna, Regina"]
[Result "0-1"]
[WhiteElo "2312"]
[BlackElo "2198"]
[PlyCount "110"]
[EventDate "1999.07.03"]
[Source "www.chesslib.no"]
[SourceDate "2004.05.04"]

1. e4 e5 2. Nf3 Nc6 3. Bc4 Bc5 4. b4 Bxb4 5. c3 Ba5 6. d4 d6 7. Qb3 Qd7 8. dxe5 dxe5 9. Ba3 Bb6 10. Bb5 Qe6 11. Qxe6+ Bxe6 12. Nxe5 Nge7 13. Bxe7 Kxe7 14. Bxc6 bxc6 15. Nxc6+ Kd7 16. Nd4 Bc4 17. Na3 Ba6 18. O-O-O Rhd8 19. Rd2 Ke8 20. Rhd1 Rd7 21. Nac2 c5 22. Nb3 Rb7 23. Rd5 Rc8 24. Ne3 g6 25. c4 Re7 26. a4 Bb7 27. a5 Bd8 28. Rxc5 Rxc5 29. Nxc5 Bxe4 30. Nxe4 Rxe4 31. Rd5 Re6 32. Kc2 Ra6 33. Kb3 Rxa5 34. c5 Bc7 35. h3 Ke7 36. Nc4 Ke6 37. Ne3 f5 38. g3 f4 39. gxf4 Bxf4 40. Kb4 Ra2 41. Rd4 Rxf2 42. Nc4 Bc7 43. c6 Rf7 44. Kb5 g5 45. Rd1 Rf5+ 46. Ka6 Rc5 47. Kb7 Bf4 48. Rd4 h6 49. h4 Rb5+ 50. Kxa7 Rd5 51. Re4+ Kf5 52. Re2 Rc5 53. hxg5 hxg5 54. Ne3+ Bxe3 55. Rxe3 Rxc6 0-1

[Event "Unterkochen op"]
[Site "?"]
[Date "2003.09.03"]
[Round "5"]
[White "Kabisch Thilo"]
[Black "Meschke Andreas"]
[Result "0-1"]
[WhiteElo "2323"]
[BlackElo "2173"]
[PlyCount "164"]
[EventDate "2003.??.??"]
[Source "www.chesslib.no"]
[SourceDate "2004.05.04"]

1. e4 e5 2. Nf3 Nc6 3. Bc4 Bc5 4. b4 Bxb4 5. c3 Ba5 6. d4 d6 7. Qb3 Qd7 8. O-O Bb6 9. Bb5 a6 10. Ba4 Ba7 11. Bxc6 Qxc6 12. dxe5 Be6 13. Qc2 O-O-O 14. Bf4 d5 15. exd5 Bxd5 16. Nbd2 h6 17. Rab1 Ne7 18. Rb4 g5 19. Be3 Bxe3 20. fxe3 Qc5 21. Nd4 Nc6 22. Rb2 Rhe8 23. Rfb1 b6 24. Qf5+ Rd7 25. Ne4 Bxe4 26. Qxe4 Kb7 27. e6 fxe6 28. Nxe6 Rxe6 29. Qxe6 Re7 30. Qxh6 Rxe3 31. Kh1 Rxc3 32. Rf1 Nb4 33. Qf6 Nd3 34. Rd2 Nf4 35. Qd4 Qc6 36. Re1 Rd3 37. Qf2 Nh3 38. Qe2 Nf4 39. Qf2 Nh3 40. Qe2 Nf4 41. Qxd3 Nxd3 42. Rxd3 Qc4 43. Rd2 b5 44. Rde2 b4 45. Re4 Qc3 46. R1e3 Qc1+ 47. Re1 Qc3 48. R1e3 Qc1+ 49. Re1 Qc3 50. h3 c5 51. Re6 a5 52. Rf1 Qg7 53. Rff6 Qc7 54. Rf5 Qd7 55. Ref6 Qd1+ 56. Kh2 Qd8 57. Rg6 Qc7+ 58. Kh1 c4 59. Rgxg5 c3 60. Rb5+ Ka6 61. Rbc5 Qb6 62. h4 a4 63. Rc4 Qd8 64. Rg6+ Kb5 65. Rgc6 Qd5 66. Rxc3 Qxc6 67. Rg3 Qc1+ 68. Kh2 Qf4 69. Kh3 Qf5+ 70. Kh2 Qe5 71. Kh3 Qe6+ 72. Kh2 Qxa2 73. Rg5+ Kc4 74. h5 Qd2 75. Rg6 a3 76. h6 a2 77. Ra6 Kb3 78. h7 Qd4 79. g4 a1=Q 80. Rxa1 Qxa1 81. g5 Qc3 82. g6 Kc4 0-1

[Event "Corr"]
[Site "?"]
[Date "2002.06.15"]
[Round "?"]
[White "Dambacher Andreas (GER)"]
[Black "Miettinen Kristo S.(USA)"]
[Result "0-1"]
[WhiteElo "2094"]
[BlackElo "2396"]
[PlyCount "68"]
[EventDate "2002.??.??"]
[Source "www.chesslib.no"]
[SourceDate "2004.05.04"]

1. e4 e5 2. Nf3 Nc6 3. Bc4 Bc5 4. b4 Bxb4 5. c3 Ba5 6. d4 d6 7. Qb3 Qd7 8. dxe5 Bb6 9. Nbd2 dxe5 10. Ba3 Na5 11. Qb4 c5 12. Qb2 Nxc4 13. Nxc4 f6 14. Rd1 Qc6 15. Nd6+ Ke7 16. c4 Be6 17. O-O Rd8 18. Nxe5 Qc7 19. Nxb7 Rxd1 20. Rxd1 Qxe5 21. Qb5 Nh6 22. Nxc5 Kf7 23. h3 Bxc5 24. Bxc5 Qxe4 25. Bxa7 Nf5 26. g4 Ne7 27. Rd4 Qe1+ 28. Kg2 h5 29. g5 fxg5 30. Qb7 Qc3 31. Bc5 Qxh3+ 32. Kg1 Re8 33. Bxe7 Rxe7 34. Qb3 Ra7 0-1

[Event "Avoine"]
[Site "?"]
[Date "2001.07.24"]
[Round "4"]
[White "Lejarre Ludovic"]
[Black "Lacrosse Marc"]
[Result "1-0"]
[WhiteElo "2185"]
[BlackElo "2285"]
[PlyCount "69"]
[EventDate "2001.??.??"]
[Source "www.chesslib.no"]
[SourceDate "2004.05.04"]

1. e4 e5 2. Nf3 Nc6 3. Bc4 Bc5 4. b4 Bxb4 5. c3 Ba5 6. d4 d6 7. Qb3 Qe7 8. dxe5 Bb6 9. O-O Na5 10. Qb4 Nxc4 11. Qxc4 Qe6 12. Qd3 dxe5 13. Rd1 Bd7 14. Ng5 Qc6 15. Qg3 f6 16. Nf3 Kf7 17. Nbd2 Rd8 18. Nxe5+ fxe5 19. Nf3 Re8 20. Ng5+ Ke7 21. Qxe5+ Kf8 22. Ba3+ Re7 23. Bxe7+ Nxe7 24. Qf4+ Ke8 25. Qf7+ Kd8 26. Ne6+ Kc8 27. Nf8 Bg4 28. Qxe7 Bxf2+ 29. Kh1 Bxd1 30. Rxd1 b6 31. Qxg7 Qa4 32. Rf1 Qc4 33. Rxf2 Rg8 34. Qd7+ Kb8 35. Qd8+ 1-0

[Event "It Open"]
[Site "Massy FRA"]
[Date "1993.??.??"]
[Round "2"]
[White "Diaz Cordoba, Fredy"]
[Black "Petersen, Soren Boeck"]
[Result "1-0"]
[WhiteElo "2225"]
[BlackElo "2235"]
[PlyCount "79"]
[EventDate "1993.??.??"]
[Source "www.chesslib.no"]
[SourceDate "2004.05.04"]

1. e4 e5 2. Nf3 Nc6 3. Bc4 Bc5 4. b4 Bxb4 5. c3 Ba5 6. d4 d6 7. Qb3 Qd7 8. O-O Bb6 9. Bb5 a6 10. Bxc6 Qxc6 11. dxe5 Be6 12. Qc2 Ne7 13. Ba3 Bc5 14. Bxc5 dxc5 15. Nbd2 Ng6 16. c4 O-O 17. a4 Rfe8 18. h3 Bd7 19. Rfe1 Nxe5 20. Nxe5 Rxe5 21. f4 Re7 22. e5 Qh6 23. Rf1 Bc6 24. Nb3 b6 25. a5 Rd7 26. Rf2 Bb7 27. Rb1 Rad8 28. Nxc5 bxc5 29. Rxb7 Qc6 30. Rb1 Rd4 31. f5 f6 32. e6 Kf8 33. Qe2 Qd6 34. Qh5 Rd1+ 35. Rf1 Rxf1+ 36. Rxf1 Qd4+ 37. Kh1 Ke7 38. Qf7+ Kd6 39. e7 Rd7 40. Qe6# 1-0

[Event "Caetano Jogos Region op"]
[Site "Caetano"]
[Date "1997.??.??"]
[Round "3"]
[White "Caldeira, Adriano"]
[Black "Pereira, Silvio Cunha"]
[Result "1-0"]
[WhiteElo "2220"]
[BlackElo "2235"]
[PlyCount "67"]
[EventDate "1997.??.??"]
[Source "www.chesslib.no"]
[SourceDate "2004.05.04"]

1. e4 e5 2. Nf3 Nc6 3. Bc4 Bc5 4. b4 Bxb4 5. c3 Ba5 6. d4 d6 7. Qb3 Qd7 8. dxe5 Bb6 9. Bb5 a6 10. Bxc6 Qxc6 11. O-O Be6 12. Qc2 O-O-O 13. exd6 Qxd6 14. Nd4 Nf6 15. Nd2 Rhe8 16. N2f3 Ng4 17. Bg5 f6 18. Bh4 Bd7 19. Bg3 Qe7 20. h3 Nh6 21. e5 Nf7 22. Rfe1 fxe5 23. Nxe5 Qf6 24. Nxd7 Rxe1+ 25. Rxe1 Rxd7 26. Re6 Qg5 27. Re8+ Nd8 28. Kh2 h6 29. Nf3 Qf6 30. Qe4 Qf7 31. Rh8 Qd5 32. Qg4 Kb8 33. c4 Qd1 34. Qg6 1-0

[Event "It (open)"]
[Site "Senta (Serbia)"]
[Date "2007.07.27"]
[Round "9"]
[White "Ravic Nenad (SCG)"]
[Black "Arbutina Sinisa (SCG)"]
[Result "1-0"]
[WhiteElo "2128"]
[BlackElo "2320"]
[PlyCount "57"]
[EventDate "2007.??.??"]
[Source "www.chesslib.no"]
[SourceDate "2004.05.04"]

1. e4 e5 2. Nf3 Nc6 3. Bc4 Bc5 4. b4 Bxb4 5. c3 Ba5 6. d4 d6 7. Qb3 exd4 8. Bxf7+ Kf8 9. Bxg8 Rxg8 10. Ng5 Qe8 11. Nxh7+ Ke7 12. Ng5 dxc3 13. O-O Nd4 14. Qd5 Ne2+ 15. Kh1 Rh8 16. h3 Nxc1 17. Qxa5 Nd3 18. Qxc7+ Qd7 19. Qxc3 Ne5 20. f4 Rh5 21. fxe5 Rxg5 22. Qf3 Qe8 23. exd6+ Kd8 24. Nc3 Be6 25. Rab1 b6 26. Qe3 Rh5 27. Ne2 Bc4 28. Qc3 Bxe2 29. Qc7# 1-0

[Event "Hessen-ch qual"]
[Site "?"]
[Date "2002.03.29"]
[Round "10"]
[White "Holzer Richard"]
[Black "Schlesinger Omri"]
[Result "1/2-1/2"]
[WhiteElo "2210"]
[BlackElo "2233"]
[PlyCount "68"]
[EventDate "2002.??.??"]
[Source "www.chesslib.no"]
[SourceDate "2004.05.04"]

1. e4 e5 2. Nf3 Nc6 3. Bc4 Bc5 4. b4 Bxb4 5. c3 Ba5 6. d4 d6 7. Qb3 Qd7 8. dxe5 dxe5 9. Ba3 Bb6 10. Nbd2 Na5 11. Qb4 Qe7 12. Nxe5 Nxc4 13. Nexc4 Qxb4 14. cxb4 Be6 15. Bb2 Nf6 16. f3 Ke7 17. Ke2 Rhd8 18. Nxb6 cxb6 19. Rhc1 Rac8 20. a3 Ne8 21. Rxc8 Rxc8 22. Rc1 Rc6 23. Nf1 f6 24. Ne3 Nd6 25. Kd3 Kd7 26. Rc2 Bb3 27. Rc3 Be6 28. Rc1 Bb3 29. f4 Bf7 30. g4 Ba2 31. Nf5 Rxc1 32. Bxc1 Nxf5 33. gxf5 Bb3 34. Bb2 Ba4 1/2-1/2

[Event "Budapest FS04 IM"]
[Site "Budapest"]
[Date "1996.??.??"]
[Round "6"]
[White "Schlusnik, Nandor"]
[Black "Daamen, Ferry"]
[Result "1/2-1/2"]
[WhiteElo "2225"]
[BlackElo "2200"]
[PlyCount "164"]
[EventDate "1996.04.??"]
[Source "ChessBase"]

1. e4 e5 2. Nf3 Nc6 3. Bc4 Bc5 4. b4 Bxb4 5. c3 Ba5 6. d4 d6 7. Qb3 Qd7 8. dxe5 Bb6 9. exd6 Na5 10. Qb4 Nxc4 11. Qxc4 cxd6 12. O-O Qe6 13. Qd3 Nf6 14. Nd4 Bxd4 15. cxd4 O-O 16. Nd2 Re8 17. d5 Qg4 18. f3 Qg6 19. Nc4 Nd7 20. Qa3 Nc5 21. Bf4 b6 22. Bxd6 Ba6 23. Bxc5 Bxc4 24. Rfc1 Bxd5 25. exd5 bxc5 26. Qxc5 h6 27. Rc2 Rad8 28. Rd2 Qg5 29. Rad1 Re5 30. a3 a6 31. Qa5 Rde8 32. Rf2 Qe3 33. Qxa6 Qc5 34. g3 Rxd5 35. Rxd5 Qxd5 36. Kg2 Re3 37. a4 Ra3 38. Qc8+ Kh7 39. Qc1 Qb3 40. Qc6 Rxa4 41. Qc2+ Qxc2 42. Rxc2 h5 43. h4 g6 44. Kh3 f5 45. Kg2 Kg7 46. Kf2 Kf6 47. Rc6+ Kf7 48. Ke3 Kg7 49. Rc7+ Kf6 50. Rc6+ Kg7 51. Rd6 Rb4 52. Rd4 Rb3+ 53. Kf4 Kh6 54. Rd8 Rb5 55. Rh8+ Kg7 56. Rc8 Kh6 57. Rc3 Ra5 58. Ke3 Ra4 59. Rd3 Kg7 60. Rd4 Ra3+ 61. Kf4 Kh6 62. Rd5 Rb3 63. Rd7 Ra3 64. Re7 Rb3 65. Re3 Rb5 66. Ra3 Rc5 67. Ke3 Rc4 68. Kd3 Rb4 69. Kc3 Rb1 70. Kc4 Rg1 71. f4 Kg7 72. Rd3 Kf6 73. Kd5 Ra1 74. Kc6 Ra6+ 75. Kd7 Kf7 76. Rc3 Ra7+ 77. Kd6 Ra6+ 78. Kc5 Ra5+ 79. Kb6 Ra1 80. Kb5 Ra2 81. Kc6 Ra6+ 82. Kd5 Ra5+ 1/2-1/2

[Event "Regionalliga N O9495"]
[Site "Bayern"]
[Date "1995.??.??"]
[Round "2"]
[White "Hilge, Andreas"]
[Black "Gross, David"]
[Result "0-1"]
[WhiteElo "2175"]
[BlackElo "2240"]
[PlyCount "98"]
[EventDate "1994.10.??"]
[Source "www.chesslib.no"]
[SourceDate "2004.05.04"]

1. e4 e5 2. Nf3 Nc6 3. Bc4 Bc5 4. b4 Bxb4 5. c3 Ba5 6. d4 d6 7. Qb3 Qe7 8. d5 Nd4 9. Nxd4 exd4 10. Qa4+ Bd7 11. Qxa5 Qxe4+ 12. Kd1 Qxg2 13. Re1+ Kd8 14. cxd4 Nf6 15. Be3 Re8 16. Nd2 Ng4 17. Kc2 Nxf2 18. Bxf2 Qxf2 19. Rxe8+ Bxe8 20. Rf1 Qxd4 21. Qc3 Qxc3+ 22. Kxc3 f6 23. Bd3 Bf7 24. Rg1 g6 25. Bc4 Ke7 26. Rb1 Rb8 27. Kd4 f5 28. Ba6 b6 29. Bb5 Rg8 30. Rc1 Kd8 31. Rf1 Be8 32. Bd3 c5+ 33. dxc6 Bxc6 34. Nb1 Re8 35. Rc1 Kd7 36. Na3 Re5 37. Nc2 Rd5+ 38. Kc3 Rc5+ 39. Kd2 Be4 40. Bxe4 fxe4 41. Rf1 Ke6 42. Rf4 d5 43. Rh4 h5 44. Rh3 Ke5 45. Rg3 d4 46. Ra3 a5 47. Ne1 g5 48. Rg3 g4 49. h3 Rc3 0-1

[Event "Spartakiada URS women"]
[Site "Azov RUS"]
[Date "1991.??.??"]
[Round "2"]
[White "Stjazhkina, Olga"]
[Black "Piarnpuu, Leili"]
[Result "1/2-1/2"]
[WhiteElo "2170"]
[BlackElo "2240"]
[PlyCount "91"]
[EventDate "1991.??.??"]
[Source "www.chesslib.no"]
[SourceDate "2004.05.04"]

1. e4 e5 2. Nf3 Nc6 3. Bc4 Bc5 4. b4 Bxb4 5. c3 Ba5 6. d4 d6 7. Qb3 Qd7 8. dxe5 dxe5 9. Ba3 Bb6 10. Bb5 Qe6 11. Qxe6+ Bxe6 12. Nxe5 Nge7 13. Nd2 O-O-O 14. Nec4 a6 15. Nxb6+ cxb6 16. Bc4 b5 17. Bxe6+ fxe6 18. O-O-O Ng6 19. Nf3 Nf4 20. Bd6 e5 21. g3 Ng6 22. h4 h5 23. Rd5 Rhe8 24. Rhd1 Re6 25. R1d3 Nge7 26. Bxe7 Rxe7 27. Rxd8+ Nxd8 28. Kd2 Nc6 29. Rd5 Na5 30. Ke2 Nc4 31. Ng5 Kc7 32. f4 exf4 33. gxf4 Nd6 34. Kf3 Kc6 35. Rd1 g6 36. Rd3 b6 37. e5 Nf5 38. Ke4 Nxh4 39. Rd6+ Kc7 40. Ne6+ Kb7 41. Nf8 Rc7 42. Nxg6 Rc4+ 43. Kd5 Rc5+ 44. Ke4 Rc4+ 45. Kd5 Rc5+ 46. Ke4 1/2-1/2